000 00725nam a2200133Ia 4500
008 171212s9999 xx 000 0 und d
020 _a9781760460273
245 _ceditor Jordan, Kirrily
_aBetter Than Welfare?
_bWork and livelihoods for Indigenous Australians after CDEP
260 _bANU E Press
_c2016
440 _aCentre for Aboriginal Economic Policy Research (CAEPR)
650 _aCommunity Development Employment Projects (Australia); Indigenous peoples -- Employment -- Australia; Indigenous peoples -- Australia -- Social conditions; Indigenous peoples -- Government policy -- Australia; Indigenous peoples -- Australia -- Government
650 _aPolitical Science
856 _uhttp://jstor.org/stable/j.ctt1rrd7qb
999 _c351011
_d351011